ბათუმის შოთა რუსთაველის სახელმწიფო უნივერსიტეტის ბიბლიოთეკა

ქართველი მხედარი მარსის მოედანზე : (ბიბ.ჩანაწერი № 59995)

000 -ლიდერი
ფიქსირებული სიგრძის საკონტროლო ველი 01049nam a22002177a 4500
003 - საკონტროლო ნომრის იდენტიფიკატორი
საკონტროლო ველი Ge_BSU
005 - ბოლო ოპერაციის თარიღი და დრო
საკონტროლო ველი 20230529160529.0
008 - ფიქსირებული სიგრძის მონაცემთა ელემენტები - ზოგადი ინფორმაცია
ფიქსირებული სიგრძის საკონტროლო ველი 230529s2006 ge ||||| |||| 00| 0 geo d
041 ## - ენის კოდი
Language code of text/sound track or separate title geo
080 ## - უნივერსალური ათობითი კლასიფიკაციის ინდექსი
Universal Decimal Classification number 94(395.4:37) ლ-82
100 ## - მთავარი ჩანაწერი - პიროვნების სახელი
Personal name ლომოური, ნოდარ
9 (RLIN) 5830
245 ## - ცნობა სათაურის შესახებ
Title ქართველი მხედარი მარსის მოედანზე :
Remainder of title [მეცნ.-პოპულ. ნარკვევები] /
Statement of responsibility, etc ნოდარ ლომოური; [რედ.: ზ. ბრაგვაძე].
264 ## - წარმოების, გამოცემის, დისტრიბუციის და სხვა ცნობები
გამოცემის, წარმოების, დისტრიბუციის... ადგილი თბილისი :
გამოცემის, წარმოების, დისტრიბუციის... სახელწოდება "ტრიადა",
გამოცემის, წარმოების, დისტრიბუციის... თარიღი 2006.
300 ## - ფიზიკური აღწერა
Extent 238გვ.;
Other physical details 20სმ.
500 ## - ზოგადი შენიშვნა
General note თავფ.: ავტ. მინაწ.
501 ## - შენიშვნა თანმხლებ მასალაზე
With note შენიშვნები: გვ. 229-238.
653 ## - INDEX TERM--UNCONTROLLED
Uncontrolled term იბერიისა და ძველი რომის ურთიერთობების ისტორია
653 ## - INDEX TERM--UNCONTROLLED
Uncontrolled term იბერიის მეფეები
700 ## - ADDED ENTRY--PERSONAL NAME
Personal name ბრაგვაძე, ზ.
9 (RLIN) 18273
942 ## - ADDED ENTRY ELEMENTS (KOHA)
Source of classification or shelving scheme
Koha item type წიგნი
ეგზემპლარები
ჩამოწერის სტატუსი დაკარგული ეგზემპლარის სტატუსი კლასიფიკაციის წყარო ან თაროზე გაწყობის სქემა დაზიანების სტატუსი არ გაიცემა მუდმივი მდებარეობა (დაცვის ადგილი) ამჟამინდელი ადგილსამყოფელი თაროზე განთავსების ადგილი შეძენის თარიღი ღირებულება, შესყიდვის ნორმალური ფასი სრული შენახვის შიფრი შტრიხკოდი ბოლო ოპერაციის თარიღი ეგზემპლარის მიმდევრობითი ნომერი (კეტერი?) Uniform Resource Identifier ფასის ძალაში შესვლის თარიღი ეგზემპლარის სახეობა საჯარო შენიშვნა
          ბათუმის შოთა რუსთაველის სახელმწიფო უნივერსიტეტის მთავარი ბიბლიოთეკა ბათუმის შოთა რუსთაველის სახელმწიფო უნივერსიტეტის მთავარი ბიბლიოთეკა წიგნსაცავი 2023-05-29 5.00 94(395.4:37) ლ-82 64496 2023-05-29 64496 ბსუ-ს საპატიო დოქტორის გურამ ლორთქიფანიძის საჩუქარი 2023-05-29 წიგნი 5 ლ.